|
|
|
|
| LEADER |
00760cam a2200217 7i4500 |
| 001 |
0000053272 |
| 005 |
20140602090000.0 |
| 008 |
070904s2003 nyu eng |
| 020 |
# |
0 |
|a 047141980X
|
| 020 |
# |
0 |
|a 9780471419808
|
| 090 |
0 |
0 |
|a BF 637 .C6
|b S8 2003
|
| 100 |
1 |
# |
|a Sue, Derald Wing
|
| 245 |
1 |
0 |
|a Counseling the culturally diverse :
|b theory and practice
|c Derald Wing Sue, David Sue.
|
| 260 |
# |
# |
|a New York:
|b J. Wiley,
|c 2003.
|
| 300 |
# |
# |
|a xix, 507 p.;
|c 25 cm..
|
| 504 |
0 |
0 |
|a Includes bibliographical references (p. 457-492) and indexes
|
| 590 |
# |
# |
|a Pusat Pengajian Pembangunan Sosial dan Ekonomi
|
| 650 |
0 |
0 |
|a Cross-cultural counseling
|
| 700 |
1 |
1 |
|a Sue,Derald Wing
|
| 700 |
1 |
1 |
|a Sue,David
|
| 999 |
|
|
|a 1100047849
|b Book
|c Open Shelf
|e KOLEKSI TERBUKA
|